MARC

Tag First Indicator Second Indicator Subfields
LEADER 00000cam a2200000 4500
001 in00000039050
005 20151007081454.0
008 721115s1965 eng u
010 |a  65024708  
035 |a (OCoLC)00494821 
035 |9 AAF6433AM 
040 |c WSU  |d TXA  |d UtOrBLW 
049 |a TXAM  |c [469401] 
090 |a F1414  |b .B27 
092 |a 320.98  |b B155 
100 1 |a Bailey, Norman A. 
245 1 0 |a Latin America: politics, economics, and hemispheric security. 
264 1 |a New York :  |b Published for the Center for Strategic Studies by Praeger,  |c [1965] 
300 |a 289 pages 
336 |a text  |b txt  |2 rdacontent 
337 |a unmediated  |b n  |2 rdamedia 
338 |a volume  |b nc  |2 rdacarrier 
490 1 |a Praeger special studies in international politics and public affairs 
504 |a "Bibliographical note": page [290]. 
650 0 |a Security, International. 
651 0 |a Latin America  |x Politics and government  |y 1948-1980. 
651 0 |a Latin America  |x Foreign relations. 
651 0 |a Latin America  |x Economic conditions  |y 1918- 
710 2 |a Georgetown University.  |b Center for Strategic Studies. 
830 0 |a Praeger special studies in international politics and public affairs. 
999 |a MARS 
999 f f |s 06976f95-c166-3be5-ad69-bbe6fb99bde9  |i 3fdbba5e-a128-3f0f-9f71-d3dad9f019d3  |t 0 
952 f f |p ric  |a Texas A&M University  |b Rellis Campus  |c Joint Library Facility  |d Remote Storage  |t 0  |e F1414 .B27  |h Library of Congress classification  |i unmediated -- volume  |m A14800661201 
998 f f |a F1414 .B27  |t 0  |l Remote Storage